000 00694nam a2200205 a 4500
001 000035069
005 20200930074102.0
008 111024s1979 ag 000 0 spa d
040 _aDO-SdBNP
_bspa
_cBNPHU
082 _axxxx
_bR961m
100 1 _aRussell, Bertrand
_945737
240 1 0 _aMarriage and morals
_lEspañol
245 1 0 _aMatrimonio y moral /
_cBertrand Russell ; versión castellana León Rozitchner.
260 _aBuenos Aires :
_bEdiciones Siglo Veinte,
_c1979.
300 _a166 p. ;
_c20 cm.
500 _aTraducido del inglés
590 _aPerteneció a la biblioteca personal de Juan Isidro Jimenes Grullón.
700 1 _aRozitchner, León,
_etr.
_960717
049 _aBNGR
999 _c34560
_d34560